MARC

LEADER 00000nam0a2200000 4500
001 26172
005 20231030201506.0
010 |a 5859980140 
035 |a (RuTPU)RU\TPU\book\26413 
035 |a BOOK00000316 
090 |a 26172 
100 |a 20011209d1992 k y0rusy50 ca 
101 0 |a rus 
102 |a RU 
105 |a y z 000zy 
200 1 |a Библиотеки и библиотечное дело США  |e комплексный подход  |f Под ред. В. В. Попова 
210 |a Москва  |c Информ-Система  |d 1992 
215 |a 295 с. 
320 |a Библиогр. в конце разд. 
610 1 |a библиотечное дело 
610 1 |a библиотеки 
610 1 |a США 
610 1 |a информационно-библиотечные технологии 
610 1 |a читатели 
610 1 |a обслуживание 
610 1 |a фонды 
610 1 |a сохранность 
610 1 |a управление 
610 1 |a библиотечная сертификация 
686 |a Ч734(7США)  |v LBC/SL-A  |2 rubbk 
702 1 |a Попов  |b В. В.  |g Валерий Васильевич  |4 340 
801 0 |a RU  |b 63413507  |c 20011209  |g PSBO 
801 2 |a RU  |b 63413507  |c 20170228  |g PSBO 
942 |c BK